00373nam a2200145Ia 4500003000900000005001700009008004100026040003100067040001300098041000800111100003600119245001900155260003600174300001700210IT-RoPAU20220918175914.0120407s9999 xx 000 0 und d aIT-RoPAUc20140514150736.0 cIT-RoPAU aita aPie Discepole del Divin Maestro aVieni e vedi.  c1964aRoma bRotografica Romana a56 p.c28 cm